Sports Quiz

Random Sports or MLB Quiz

Best MLB Players at All Star Break Quiz Stats

 Plays Quiz not verified by Sporcle

Challenge
Share
Tweet
Embed
Score 0/39 Timer 08:00
0 Plays Today
WAR Player % Correct
5.0Justin Morneau
90.3%
4.6Roy Halladay
89.6%
3.7Evan Longoria
89.2%
3.8Cliff Lee
89%
3.4Albert Pujols
89%
4.1David Wright
86.9%
4.4Josh Hamilton
86%
4.4Robinson Cano
84.9%
4.8Carl Crawford
84.1%
3.7Miguel Cabrera
84.1%
4.2Joey Votto
83.2%
4.4Josh Johnson
79.5%
3.3Chase Utley
79.5%
3.4Felix Hernandez
78.4%
3.7Ryan Zimmerman
78%
3.4Dustin Pedroia
78%
3.1Tim Lincecum
77.4%
3.6Ubaldo Jimenez
76.7%
3.9Matt Holliday
75.6%
3.4Adam Wainwright
75.4%
WAR Player % Correct
3.4Adrian Gonzalez
75.4%
3.6Jon Lester
72.2%
3.1Justin Verlander
71.1%
3.4Kevin Youkilis
70.3%
3.0Adam Dunn
67.2%
3.6Adrian Beltre
63.2%
3.0Ichiro Suzuki
63.1%
4.2Francisco Liriano
59%
3.3Jered Weaver
59%
3.0Dan Uggla
57.5%
3.1Ben Zobrist
54.7%
3.0Torii Hunter
53%
3.1Aubrey Huff
45.1%
3.2Martin Prado
43.5%
3.3Angel Pagan
36.4%
3.5Marlon Byrd
35.3%
3.3Alex Rios
27.6%
3.2Josh Willingham
22.8%
3.5Andres Torres
20%

You're not logged in!

Compare scores with friends on all Sporcle quizzes.
OR
Log In

You Might Also Like...

Show Comments

Extras

Top Quizzes Today


Score Distribution

Your Account Isn't Verified!

In order to create a playlist on Sporcle, you need to verify the email address you used during registration. Go to your Sporcle Settings to finish the process.

Report this User

Report this user for behavior that violates our Community Guidelines.

Details: